Nazwij pasującą europejską flagę - Statystyki

Ogólne statystyki
  • Ten quiz został rozwiązany 68 razy
    12 od ostatniego zresetowania
  • Średni wynik to 14 z 15
Statystyki odpowiedzi
Nazwij flagę państwa europejskiego... # Państwo % Poprawnych
Na której jest herb państwa 14 Albania / Andora / Chorwacja / Czarnogóra / Hiszpania / Kosowo / Malta / Mołdawia / Portugalia / San Marino / Serbia / Słowacja / Słowenia / Watykan
100%
Która ma 3 poziome pasy 14 Austria / Bułgaria / Chorwacja / Estonia / Hiszpania / Holandia / Litwa / Luksemburg / Łotwa / Niemcy / Rosja / Serbia / Słowacja / Słowenia / Węgry
100%
Na której są tylko 2 kolory: czerwony i biały 5 Austria / Dania / Łotwa / Monako / Polska
100%
Która ma 3 pionowe pasy 5 Belgia / Francja / Irlandia / Mołdawia / Rumunia / Włochy
100%
Która ma 2 poziome pasy 9 Białoruś / Czechy / Liechtenstein / Malta / Monako / Polska / Portugalia / San Marino / Ukraina
100%
Która nie ma koloru czerwonego 8 Bośnia i Hercegowina / Estonia / Finlandia / Grecja / Irlandia / San Marino / Szwecja / Ukraina
100%
Która ma krzyż (nie wliczając państw które mają krzyż na swoim herbie) 9 Dania / Finlandia / Islandia / Grecja / Islandia / Norwegia / Szwajcaria / Szwecja / Wielka Brytania
100%
Która ma 3 pasy: czerwony, biały i niebieski (nie licząc państw z herbem) 4 Francja / Holandia / Luksemburg / Rosja
100%
Która ma 2 kolory i stanowią one 50% flagi 3 Monako / Polska / Ukraina
100%
Na której jest kolor czarny 4 Albania / Belgia / Estonia / Niemcy
90%
Z państw wyspiarskich która nie posiada krzyżu 1 Irlandia
90%
Na której jest kształt państwa 2 Bośnia i Hercegowina / Kosowo
80%
Która została wprowadzona po 2000 roku 3 Czarnogóra / Kosowo / Serbia
80%
Która jest kwadratem 2 Szwajcaria / Watykan
80%
Która ma tekst 1 San Marino
60%
Nie znaleziono quizów pasujących do podanych kryteriów
Rozkład punktacji
Procent ludzi z każdym wynikiem
Percentyl według liczby udzielonych odpowiedzi
Twoja historia wyników
Nie rozwiązałeś tego quizu od ostatniego zresetowania